Дело по представлению управляющего Виленским учебным округом об оказании пособия учителю еврейских предметов Плунчанскому на изд...

Доступно только в Электронных читальных залах Найти на картеНа карте
RUSMARC
00003614nmc2a2200000 x 450
0019e9e06cf-7322-4291-ad68-0979429b1f05
00520160706095236.0
100##$a20150803l18561857k l0rusy0189 ca
1010#$arus
102##$aRU
2001#$aДело по представлению управляющего Виленским учебным округом об оказании пособия учителю еврейских предметов Плунчанскому на издание его сочинения под заглавием "Бен-Пород"
$j30 мая 1856 г. - 27 апреля 1857 г.
251##$cДело
300##$aДело
801#0$aRU
$bРГИА
$c20150803
$gRCR
801#1$aRU
$bГлавНИВЦ
$c20150803
$2rusmarc
801#2$aRU
$bПБ им. Б.Н. Ельцина
$c20160706
$gRCR
$2rusmarc
850##$aРГИА
852##$aРГИА
$eФедеральное казенное учреждение "Российский государственный исторический архив" (РГИА)
$j25
937##$hРГИА
$d11935416
$aASBIBLIO_SCAN
462#0$10012b27dfda-2c9d-44cf-86d6-db2e6106e749
$12001
$aДела по еврейским казенным училищам за 1856-1862 гг.
$1251
$cОпись
$1852
$j98
461#0$1001a74412a3-3cc5-4d21-8f0a-dfe2fbd9e72d
$12001
$aДепартамент народного просвещения Министерства народного просвещения
$1251
$cФонд
$1852
$j733
215##$a27 л.
$d36,5x26 см
371##$aДокумент не является опубликованным и широко распространяемым
105##$aу###
1222#$ad
035##$a9e9e06cf-7322-4291-ad68-0979429b1f05
Формат отображения